| 000 | 00372nam a22001697a 4500 | ||
|---|---|---|---|
| 005 | 20260323155905.0 | ||
| 020 | _a9788198050243 | ||
| 041 | _aEnglish | ||
| 082 | _aT16 R24 VEL | ||
| 100 | _aVelsami B | ||
| 245 | _aPazhanthamizh Noolgal Naveenamaana Varalaaru | ||
| 250 | _a01 | ||
| 260 |
_aChennai _bNCBH _c2024 |
||
| 300 | _a536 | ||
| 365 | _b600.00 | ||
| 942 | _cBK | ||
| 999 |
_c177053 _d177053 |
||